[Event "Preferente Aragonesa Grupo A"]
[Site "?"]
[Date "2017.03.25"]
[Round "9.44"]
[White "Miranda Herrera, Jorge Manuel"]
[Black "Rubio Parias, Carlos"]
[Result "0-1"]
[WhiteElo "1780"]
[BlackElo "1434"]
[PlyCount "88"]
[EventDate "2017.01.28"]
[WhiteTeam "Monsalud"]
[BlackTeam "Fraga"]

1. e4 c5 2. d3 {[%emt 0:00:00]} Nc6 {[%emt 0:00:00]} 3. g3 g6 4. Bg2 Bg7 5. c3
d6 6. Be3 Nf6 7. h3 O-O 8. f4 Bd7 9. Nf3 Rc8 10. O-O e5 11. f5 gxf5 12. exf5
Bxf5 13. Nxe5 Nxe5 14. Rxf5 Qe7 15. Bg5 Qe6 16. Qf1 Nh5 17. Kh2 Bh6 18. Bh4 Qg6
19. Be4 f6 20. Rxe5 fxe5 21. Qxf8+ Rxf8 22. Bxg6 hxg6 23. Kg2 g5 24. Bxg5 Bxg5
25. Na3 Be3 26. h4 Rf2+ 27. Kh3 Rf3 28. Kg4 Rxg3+ 29. Kxh5 Bf4 30. Rd1 Kf7 31.
d4 Ke6 32. Nb5 a6 33. d5+ Kd7 34. Na3 b5 35. c4 b4 36. Nb1 Rg2 37. b3 Ke7 38.
Nd2 Bxd2 39. Rf1 Bf4 40. a3 bxa3 41. b4 cxb4 42. c5 dxc5 43. d6+ Kxd6 44. Rd1+
Ke6 0-1

[Event "Preferente Aragonesa Grupo A"]
[Site "?"]
[Date "2017.03.25"]
[Round "9.45"]
[White "Gracia Campo, Carlos Alberto"]
[Black "Pellicer Cemeli, Jose Luis"]
[Result "1/2-1/2"]
[WhiteElo "2082"]
[BlackElo "1967"]
[PlyCount "39"]
[EventDate "2017.01.28"]
[WhiteTeam "El Olivar B"]
[BlackTeam "L'Aurora Estadilla B"]

1. e4 e6 2. d4 d5 3. exd5 exd5 4. c4 Nf6 5. Nc3 c6 6. Bd3 Be7 7. Nge2 Nbd7 8.
cxd5 Nxd5 9. Nxd5 cxd5 10. O-O Nf6 11. Re1 O-O 12. Ng3 Re8 13. Bf4 Bf8 14. Qb3
Rxe1+ 15. Rxe1 Qa5 16. Rc1 Qb4 17. Qxb4 Bxb4 18. a3 Ba5 19. Bc7 Bd2 20. Rc2
1/2-1/2

[Event "Preferente Aragonesa Grupo A"]
[Site "?"]
[Date "2017.03.25"]
[Round "9.47"]
[White "Bayod Rubia, Angel"]
[Black "Puertolas Serena, Arturo"]
[Result "1/2-1/2"]
[WhiteElo "2014"]
[BlackElo "1832"]
[PlyCount "40"]
[EventDate "2017.01.28"]
[WhiteTeam "El Olivar B"]
[BlackTeam "L'Aurora Estadilla B"]

1. e4 c6 2. Nf3 d5 3. exd5 cxd5 4. d4 Nf6 5. h3 Nc6 6. Bd3 g6 7. c3 Bg7 8. O-O
O-O 9. Re1 Re8 10. Bf4 a6 11. a4 Nh5 12. Bh2 Bh6 13. Nbd2 Nf4 14. Bf1 Ne6 15.
Ne5 Nxe5 16. Bxe5 Bf4 17. Nf3 Bxe5 18. Nxe5 Ng5 19. Qc1 f6 20. Nd3 Ne4 1/2-1/2

[Event "Preferente Aragonesa Grupo A"]
[Site "?"]
[Date "2017.03.25"]
[Round "9.48"]
[White "Rodriguez Avellanas, Jose Manu"]
[Black "Bailo Remacha, Santiago"]
[Result "0-1"]
[WhiteElo "1730"]
[BlackElo "1957"]
[PlyCount "52"]
[EventDate "2017.01.28"]
[WhiteTeam "L'Aurora Estadilla B"]
[BlackTeam "El Olivar B"]

1. c4 c5 2. Nc3 Nc6 3. g3 g6 4. Bg2 Bg7 5. d3 e6 6. e3 Nge7 7. Nge2 d5 8. cxd5
exd5 9. d4 cxd4 10. Nxd4 Nxd4 11. exd4 O-O 12. O-O Be6 13. Bg5 Qd7 14. Re1 Nf5
15. Be3 Rac8 16. Bf1 a6 17. Na4 Qd6 18. a3 Nxe3 19. fxe3 Bf5 20. Bd3 Bh3 21.
Nc5 Rc7 22. Qf3 f5 23. Qf4 Qxf4 24. gxf4 Re8 25. Kf2 Rce7 26. Nb3 Bf6 0-1

[Event "Preferente Aragonesa Grupo A"]
[Site "?"]
[Date "2017.03.25"]
[Round "9.50"]
[White "Alonso Blasco, Jose Miguel"]
[Black "Lopez Guaita, Fernando"]
[Result "0-1"]
[WhiteElo "1952"]
[BlackElo "1925"]
[PlyCount "98"]
[EventDate "2017.01.28"]
[WhiteTeam "Las Fuentes"]
[BlackTeam "Agrupacion C"]

1. e4 c6 2. d4 d5 3. exd5 cxd5 4. Bd3 Nf6 5. c3 e6 6. Nf3 Nbd7 7. O-O Bd6 8.
Re1 O-O 9. Qe2 a6 10. a4 b6 11. Bg5 Re8 12. Ne5 Nf8 13. Bh4 Bb7 14. Nd2 Ng6 15.
Bg3 Qc7 16. Rac1 Qe7 17. h3 Nd7 18. Ndf3 Bxe5 19. Nxe5 Ndxe5 20. Bxe5 Bc6 21.
Ra1 Qd7 22. a5 Nxe5 23. dxe5 bxa5 24. Rxa5 d4 25. cxd4 Qxd4 26. Rea1 Rab8 27.
R1a2 Bd5 28. R2a4 Qxb2 29. Rxa6 Qc1+ 30. Kh2 Ra8 31. Bb5 Rxa6 32. Rxa6 Qf4+ 33.
Kg1 Rc8 34. Ra1 Qg5 35. f3 h6 36. Bd3 g6 37. Rb1 Ra8 38. Re1 Ra2 39. Qf1 Qg3
40. Re2 Ra3 41. Re1 Rxd3 42. Qxd3 Qxe1+ 43. Kh2 Qxe5+ 44. Kg1 Qg3 45. Qe3 Bxf3
46. Qxf3 Qxf3 47. gxf3 Kg7 48. Kf2 Kf6 49. Kg3 Kf5 0-1

[Event "Preferente Aragonesa Grupo A"]
[Site "?"]
[Date "2017.03.25"]
[Round "9.51"]
[White "Moreno Martin-Viveros, Alvaro"]
[Black "Mombiela De Sus, Jose Luis"]
[Result "1/2-1/2"]
[WhiteElo "1881"]
[BlackElo "1911"]
[PlyCount "115"]
[EventDate "2017.01.28"]
[WhiteTeam "Agrupacion C"]
[BlackTeam "Las Fuentes"]

1. e4 d5 2. exd5 Nf6 3. Bb5+ Bd7 4. Bc4 Bg4 5. f3 Bc8 6. Nc3 Nbd7 7. Nge2 a6 8.
Bb3 Nb6 9. Nf4 g6 10. d4 Bg7 11. O-O O-O 12. Re1 Bf5 13. Ne4 Nfxd5 14. Nxd5
Nxd5 15. c3 a5 16. a4 c6 17. Qe2 Be6 18. Nc5 Bc8 19. Bxd5 Qxd5 20. Qxe7 b6 21.
Ne4 Bd7 22. Nf6+ Bxf6 23. Qxf6 Qf5 24. Qd6 Rfe8 25. Bh6 Re6 26. Rxe6 Qxe6 27.
Bf4 Rc8 28. Kf2 Qxd6 29. Bxd6 Be6 30. b4 axb4 31. cxb4 Bc4 32. Rc1 Bd5 33. b5
f6 34. Bb4 Kf7 35. a5 bxa5 36. Bxa5 Ra8 37. bxc6 Rxa5 38. c7 Be6 39. c8=Q Bxc8
40. Rxc8 Ra2+ 41. Ke3 Rxg2 42. Rc7+ Ke6 43. Rxh7 Ra2 44. Rh8 Ra3+ 45. Ke4 Ra4
46. Re8+ Kf7 47. Rb8 Ra6 48. Rb7+ Ke6 49. Rg7 g5 50. d5+ Kd6 51. Rf7 Ra4+ 52.
Kf5 Rf4+ 53. Kg6 Ke5 54. d6 Rxf3 55. d7 Rd3 56. Kg7 Ke6 57. Rxf6+ Kxd7 58. Rh6
1/2-1/2

[Event "Preferente Aragonesa Grupo A"]
[Site "?"]
[Date "2017.03.25"]
[Round "9.52"]
[White "Javierre Conesa, Alfonso"]
[Black "Carruez Gracia, Eduardo"]
[Result "0-1"]
[WhiteElo "1906"]
[BlackElo "1850"]
[PlyCount "136"]
[EventDate "2017.01.28"]
[WhiteTeam "Las Fuentes"]
[BlackTeam "Agrupacion C"]

1. d4 Nf6 2. Nf3 g6 3. g3 Bg7 4. Bg2 d6 5. c4 Nbd7 6. O-O O-O 7. Nc3 c6 8. e4
e5 9. h3 Qc7 10. Be3 h6 11. Qc2 Rd8 12. Rac1 Nf8 13. Rfd1 Be6 14. b3 Rac8 15.
Rd2 h5 16. Rcd1 N8d7 17. Ne2 Qa5 18. Qb1 exd4 19. Nfxd4 Ne8 20. Nxe6 fxe6 21.
Nf4 Kf7 22. Ne2 Ndf6 23. Bf4 e5 24. Be3 Qc7 25. Kh2 Nh7 26. Ng1 Nef6 27. f4 Bh6
28. Rd3 h4 29. fxe5 hxg3+ 30. Kxg3 Bxe3 31. Rxe3 Nh5+ 32. Kh2 Qe7 33. Ne2 Qxe5+
34. Kh1 Ng5 35. Qa1 Qxa1 36. Rxa1 Nf6 37. Nc3 Re8 38. Rd1 Rcd8 39. h4 Rh8 40.
Kg1 Rxh4 41. e5 Ne8 42. exd6 Rxd6 43. Rf1+ Rf6 44. Rg3 Rxf1+ 45. Kxf1 Ne6 46.
Be4 Rf4+ 47. Ke1 Rf6 48. Rg4 Nd6 49. Bc2 g5 50. Ne4 Nxe4 51. Bxe4 Rf4 52. Rxf4+
Nxf4 53. Kf2 Kf6 54. Ke3 Ke5 55. Bf3 Ne6 56. b4 Nd4 57. Bd1 Nf5+ 58. Kd3 Kf4
59. b5 c5 60. a4 g4 61. Be2 g3 62. Bf1 Kf3 63. a5 b6 64. axb6 axb6 65. Bh3 Ne3
66. Bd7 Ng4 67. Bc6+ Kf2 68. Bd5 Ne5+ 0-1

[Event "Preferente Aragonesa Grupo B"]
[Site "Aragon"]
[Date "2017.03.25"]
[Round "9.53"]
[White "Lopez Caudevilla, David"]
[Black "Sarrio Bambo, Pablo"]
[Result "1-0"]
[WhiteElo "2073"]
[BlackElo "1865"]
[PlyCount "61"]
[EventDate "2017.01.28"]
[WhiteTeam "Actur Rey Fernando"]
[BlackTeam "Delicias B"]

1. e4 c6 2. Nc3 d5 3. Nf3 dxe4 4. Nxe4 Nf6 5. Ng3 Bg4 6. Bc4 e6 7. O-O Nbd7 8.
d4 Bd6 9. h3 Bxf3 10. Qxf3 Qc7 11. c3 O-O-O 12. a4 Rdg8 13. b4 g5 14. Qd3 h5
15. b5 h4 16. bxc6 hxg3 17. cxd7+ Kd8 18. fxg3 g4 19. h4 Nh5 20. Rxf7 Nxg3 21.
Bg5+ Rxg5 22. hxg5 Nf5 23. Bxe6 Bh2+ 24. Kf2 Qf4+ 25. Ke2 Ng3+ 26. Kd1 Qxg5 27.
Rb1 Nh1 28. Qc4 Bc7 29. Rxb7 Nf2+ 30. Rxf2 Rh1+ 31. Rf1 1-0

[Event "Preferente Aragonesa Grupo B"]
[Site "Aragon"]
[Date "2017.03.25"]
[Round "9.54"]
[White "Aranda Lozano, Jorge"]
[Black "Aviol Perez, Jose Mariano"]
[Result "0-1"]
[WhiteElo "1653"]
[BlackElo "1842"]
[PlyCount "70"]
[EventDate "2017.01.28"]
[WhiteTeam "Delicias B"]
[BlackTeam "Actur Rey Fernando"]

1. d4 d5 2. Nf3 Nf6 3. Bf4 c5 4. e3 Nc6 5. c3 Qb6 6. Qb3 c4 7. Qc2 Bf5 8. Qc1
e6 9. Nbd2 Qd8 10. Ne5 Bd6 11. Be2 O-O 12. h3 Ne4 13. Ndf3 Nxe5 14. Bxe5 b5 15.
Bxd6 Nxd6 16. Bd1 Rb8 17. Bc2 b4 18. Bxf5 exf5 19. O-O Ne4 20. Ne5 Rb6 21. cxb4
f6 22. Nxc4 Rc6 23. b3 Qc8 24. Qc2 dxc4 25. g4 Re8 26. gxf5 c3 27. Rac1 Qxf5
28. a4 Qxh3 29. b5 Rcc8 30. Rfd1 Ng5 31. f4 Qxe3+ 32. Kf1 Qxf4+ 33. Qf2 Qg4 34.
d5 Ne4 35. Rd4 Nxf2 0-1

[Event "Preferente Aragonesa Grupo B"]
[Site "Aragon"]
[Date "2017.03.25"]
[Round "9.55"]
[White "Leon Dionis, Mateo"]
[Black "Sanchez Perez, Jose Felix"]
[Result "0-1"]
[WhiteElo "1770"]
[BlackElo "1554"]
[PlyCount "111"]
[EventDate "2017.01.28"]
[WhiteTeam "Actur Rey Fernando"]
[BlackTeam "Delicias B"]

1. d4 d5 2. Nf3 g6 3. e3 Bg7 4. Bd3 Nf6 5. Nbd2 Nbd7 6. O-O O-O 7. Re1 c5 8. c3
c4 9. Bc2 Nb6 10. e4 dxe4 11. Nxe4 Nbd5 12. Ne5 Qc7 13. a4 b6 14. Ng5 Nd7 15.
Be4 Bb7 16. Qf3 N7f6 17. Bf4 Nxe4 18. Qxe4 Nxf4 19. Qxf4 f6 20. Qg4 fxg5 21.
Qe6+ Kh8 22. Nf7+ Rxf7 23. Qxf7 Bf6 24. Re3 Qc6 25. f3 Qd6 26. Rae1 Bd5 27. Re6
Bxe6 28. Rxe6 Qd8 29. Re4 Qg8 30. Qxg8+ Kxg8 31. d5 Rc8 32. Re6 Kf7 33. Re1 Rc5
34. Rd1 Be5 35. h3 Ra5 36. Kf2 Rxa4 37. Ke3 Ra5 38. Ke4 Kf6 39. Rh1 Rb5 40. h4
gxh4 41. Rxh4 h5 42. g4 hxg4 43. fxg4 Bd6 44. Kd4 Rc5 45. Rh1 Kg5 46. Ra1 a5
47. Rg1 Rc8 48. Rg2 Kf4 49. g5 b5 50. Rf2+ Kxg5 51. Rg2+ Kf5 52. Rf2+ Bf4 53.
Re2 Rc7 54. Re6 Bd6 55. Ke3 b4 56. Kd4 0-1

[Event "Preferente Aragonesa Grupo B"]
[Site "Aragon"]
[Date "2017.03.25"]
[Round "9.56"]
[White "Sanchez Perez, Carlos"]
[Black "Arbiol Val, Sergio"]
[Result "1-0"]
[WhiteElo "1552"]
[BlackElo "1653"]
[PlyCount "131"]
[EventDate "2017.01.28"]
[WhiteTeam "Delicias B"]
[BlackTeam "Actur Rey Fernando"]

1. d4 d5 2. c4 c6 3. Nc3 Nf6 4. e3 Nbd7 5. Nf3 e6 6. b3 b6 7. Qc2 Bb7 8. Bd3
Rc8 9. O-O Bd6 10. h3 O-O 11. e4 dxe4 12. Nxe4 Nxe4 13. Bxe4 Nf6 14. Re1 Nxe4
15. Qxe4 Be7 16. Bf4 Bf6 17. Rad1 Re8 18. Be5 Bxe5 19. dxe5 Qe7 20. Qg4 c5 21.
Rd6 Rcd8 22. Red1 h6 23. Nh2 Kh7 24. R1d3 Rxd6 25. Rxd6 Rd8 26. Qd1 Rxd6 27.
Qxd6 Qg5 28. f3 Qe3+ 29. Kf1 Qc1+ 30. Kf2 Qc2+ 31. Kg1 Qc1+ 32. Nf1 Qg5 33.
Qd3+ Kh8 34. Qe3 Qxe3+ 35. Nxe3 Kh7 36. Kf2 Kg6 37. Ke2 Kg5 38. g3 Bc6 39. f4+
Kg6 40. Kd3 Bb7 41. g4 h5 42. a3 Ba6 43. b4 hxg4 44. hxg4 Bb7 45. Ke2 Be4 46.
Kf2 f6 47. Kg3 fxe5 48. fxe5 Kg5 49. Nd1 Bd3 50. Nb2 Be2 51. bxc5 bxc5 52. Na4
Bxc4 53. Nxc5 g6 54. Ne4+ Kh6 55. g5+ Kg7 56. Kf2 Kf7 57. Nd6+ Ke7 58. Nxc4 Kd7
59. Ke3 Kc6 60. Kd4 a6 61. Nd6 a5 62. Kc4 a4 63. Nb5 Kb6 64. Nc3 Ka5 65. Kc5
Ka6 66. Kd6 1-0

[Event "Preferente Aragonesa Grupo B"]
[Site "Aragon"]
[Date "2017.03.25"]
[Round "9.57"]
[White "Carruez Berges, Santiago"]
[Black "Ruiperez Gumiel, Ramon"]
[Result "1-0"]
[WhiteElo "2030"]
[BlackElo "1870"]
[PlyCount "63"]
[EventDate "2017.01.28"]
[WhiteTeam "Agrupacion B"]
[BlackTeam "Marcos Frechin B"]

1. e4 c5 2. d4 cxd4 3. c3 dxc3 4. Nxc3 Nc6 5. Nf3 d6 6. Bc4 e6 7. O-O Be7 8.
Qe2 a6 9. Rd1 Qa5 10. a3 Qh5 11. Bf4 e5 12. Nd5 Bd8 13. Be3 Nge7 14. Nb6 Bxb6
15. Bxb6 Bg4 16. Rxd6 O-O 17. Rd2 Ng6 18. Qe3 Nf4 19. Ne1 Be6 20. Bd5 Rac8 21.
Rad1 Kh8 22. b4 g5 23. a4 Kg8 24. Bc5 Rfd8 25. Kh1 g4 26. b5 axb5 27. axb5 Nd4
28. Bxd4 Nxd5 29. Bxe5 Qxe5 30. exd5 Qxe3 31. fxe3 Bxd5 32. e4 1-0

[Event "Preferente Aragonesa Grupo B"]
[Site "Aragon"]
[Date "2017.03.25"]
[Round "9.58"]
[White "Santos Morales, Julio Cesar"]
[Black "Mimbela Lopez, Luis"]
[Result "1/2-1/2"]
[WhiteElo "1855"]
[BlackElo "2023"]
[PlyCount "66"]
[EventDate "2017.01.28"]
[WhiteTeam "Marcos Frechin B"]
[BlackTeam "Agrupacion B"]

1. d4 Nf6 2. Nf3 g6 3. Bf4 Bg7 4. e3 O-O 5. Be2 d6 6. O-O Nbd7 7. c4 Nh5 8. Bg5
h6 9. Bh4 c5 10. Nc3 a6 11. Rc1 Nhf6 12. Bg3 cxd4 13. exd4 Nh5 14. Bh4 Nf4 15.
Re1 Nf6 16. Bf1 g5 17. Bg3 Ng6 18. h3 Bf5 19. Bd3 Bxd3 20. Qxd3 Rc8 21. d5 Nh5
22. Bh2 Nhf4 23. Bxf4 Nxf4 24. Qf1 Qd7 25. Re3 e5 26. dxe6 fxe6 27. g3 Bxc3 28.
Rcxc3 Ng6 29. Qd3 Rf6 30. Rc2 Rcf8 31. Ne5 Nxe5 32. Rxe5 Qf7 33. Ree2 e5
1/2-1/2

[Event "Preferente Aragonesa Grupo B"]
[Site "Aragon"]
[Date "2017.03.25"]
[Round "9.59"]
[White "Garcia Morales, Roberto"]
[Black "Moya Gimeno, Raul"]
[Result "1-0"]
[WhiteElo "2005"]
[BlackElo "1799"]
[PlyCount "47"]
[EventDate "2017.01.28"]
[WhiteTeam "Agrupacion B"]
[BlackTeam "Marcos Frechin B"]

1. e4 c5 2. b4 b6 3. bxc5 bxc5 4. Nc3 Nc6 5. Nf3 g6 6. Bb5 Bb7 7. O-O Bg7 8.
Rb1 Nf6 9. Ba3 d6 10. e5 Ng4 11. exd6 Qxd6 12. Ne4 Qc7 13. h3 Nge5 14. Nxc5 O-O
15. d4 Rfd8 16. Nxe5 Nxe5 17. Nxb7 Qxb7 18. Bd3 Qc7 19. dxe5 Bxe5 20. Bb2 Bf4
21. Qf3 Rac8 22. g3 Bd6 23. Ba6 Rb8 24. Qc3 1-0

[Event "Preferente Aragonesa Grupo B"]
[Site "Aragon"]
[Date "2017.03.25"]
[Round "9.60"]
[White "Obon Zuniga, Francisco"]
[Black "Garcia Valer, Jesus"]
[Result "1/2-1/2"]
[WhiteElo "1782"]
[BlackElo "1891"]
[PlyCount "31"]
[EventDate "2017.01.28"]
[WhiteTeam "Marcos Frechin B"]
[BlackTeam "Agrupacion B"]

1. d4 Nf6 2. c4 e6 3. Nf3 b6 4. g3 Bb7 5. Bg2 Be7 6. O-O O-O 7. Nc3 Ne4 8. Qc2
Nxc3 9. Qxc3 d6 10. b3 f5 11. Bb2 Nd7 12. Rad1 Bf6 13. Qc1 Qe7 14. Rfe1 Rae8
15. Ba3 Ba8 16. Qd2 1/2-1/2

[Event "Preferente Aragonesa Grupo B"]
[Site "Aragon"]
[Date "2017.03.25"]
[Round "9.61"]
[White "Valles Mata, David"]
[Black "Sanchez Herrera, Miguel"]
[Result "1-0"]
[WhiteElo "2221"]
[BlackElo "2124"]
[PlyCount "111"]
[EventDate "2017.01.28"]
[WhiteTeam "Dr. Azua"]
[BlackTeam "St. Casablanca D"]

1. e4 c5 2. Nf3 Nc6 3. d4 cxd4 4. Nxd4 Nf6 5. Nc3 e5 6. Ndb5 d6 7. a4 a6 8. Na3
Be7 9. Bg5 Be6 10. Bc4 O-O 11. Bxf6 Bxf6 12. O-O Rc8 13. Nd5 Bg5 14. c3 Kh8 15.
Ba2 Ne7 16. Qd3 f5 17. Nxe7 Qxe7 18. Bxe6 Qxe6 19. Rad1 Be7 20. Qd5 Qxd5 21.
Rxd5 fxe4 22. Re1 e3 23. Rxe3 Rf4 24. c4 Kg8 25. g3 Rf6 26. Kg2 Rcf8 27. f3 Bd8
28. b4 Bb6 29. Red3 e4 30. fxe4 Rf2+ 31. Kh3 Ra2 32. c5 Bd8 33. cxd6 Rff2 34.
Nc4 Rxh2+ 35. Kg4 Raf2 36. Rf5 Rfg2 37. Rh5 Rxh5 38. Kxh5 g6+ 39. Kg4 Rf2 40.
Ne5 h5+ 41. Kh3 g5 42. g4 h4 43. Nd7 Kf7 44. Rd5 Re2 45. Nc5 b5 46. e5 bxa4 47.
e6+ Ke8 48. e7 Bb6 49. Rxg5 a3 50. Rg8+ Kf7 51. Rf8+ Kg6 52. e8=Q+ Rxe8 53.
Rxe8 a5 54. d7 a2 55. Nb3 a4 56. Na1 1-0

[Event "Preferente Aragonesa Grupo B"]
[Site "Aragon"]
[Date "2017.03.25"]
[Round "9.63"]
[White "Solera Sanchez, Roberto"]
[Black "Garcia Andres, Daniel"]
[Result "1/2-1/2"]
[WhiteElo "1822"]
[BlackElo "2007"]
[PlyCount "50"]
[EventDate "2017.01.28"]
[WhiteTeam "Dr. Azua"]
[BlackTeam "St. Casablanca D"]

1. e4 e5 2. d4 exd4 3. Qxd4 Nc6 4. Qe3 b6 5. Nc3 Nf6 6. Bd2 Bb7 7. O-O-O Qe7 8.
f3 O-O-O 9. g4 h6 10. Qe1 d5 11. g5 hxg5 12. Bxg5 dxe4 13. fxe4 Rxd1+ 14. Qxd1
Qc5 15. Nf3 Ne5 16. Nxe5 Qxe5 17. Bxf6 gxf6 18. h4 Bh6+ 19. Kb1 Bxe4 20. Nxe4
Qxe4 21. Bh3+ Kb8 22. Rf1 Bf4 23. Qg4 Re8 24. a3 Bd2 25. Qxe4 Rxe4 1/2-1/2

[Event "Preferente Aragonesa Grupo B"]
[Site "Aragon"]
[Date "2017.03.25"]
[Round "9.64"]
[White "Abad Vinas, Jesus Manuel"]
[Black "Lebron Duran, Jose Maria"]
[Result "1-0"]
[WhiteElo "1760"]
[BlackElo "1813"]
[PlyCount "95"]
[EventDate "2017.01.28"]
[WhiteTeam "St. Casablanca D"]
[BlackTeam "Dr. Azua"]

1. c4 c5 2. Nc3 Nc6 3. Nf3 g6 4. g3 Bg7 5. Bg2 e6 6. O-O Nge7 7. d3 O-O 8. Be3
d6 9. Qd2 Nf5 10. Rac1 Nxe3 11. Qxe3 Nd4 12. Qd2 Rb8 13. Ne1 a6 14. e3 Nf5 15.
a4 b6 16. Nc2 Bb7 17. e4 Nd4 18. Nxd4 cxd4 19. Ne2 Qd7 20. b3 e5 21. Qa2 Bc6
22. Ra1 a5 23. f4 f5 24. Bh3 Qb7 25. exf5 e4 26. fxg6 exd3 27. gxh7+ Kh8 28.
Nc1 Qe7 29. Nxd3 Qe3+ 30. Nf2 Rbe8 31. Rad1 Qf3 32. Rd3 Re3 33. Qd2 Rfe8 34.
Qd1 Rxd3 35. Qxd3 Re3 36. Qf5 Re8 37. Qg4 Qxb3 38. Bg2 Bxg2 39. Kxg2 Qxc4 40.
Qd7 Qd5+ 41. Kg1 Rf8 42. Qe7 Qc4 43. Ne4 d3 44. Ng5 Bd4+ 45. Kg2 Qc2+ 46. Kh3
Qc8+ 47. Ne6 Bg7 48. Qxg7# 1-0

[Event "Preferente Aragonesa Grupo B"]
[Site "Aragon"]
[Date "2017.03.25"]
[Round "9.65"]
[White "Gil Capape, Marco Antonio"]
[Black "Fernandez Rubio, Rafael"]
[Result "1-0"]
[WhiteElo "2110"]
[BlackElo "2079"]
[PlyCount "71"]
[EventDate "2017.01.28"]
[WhiteTeam "Caissa-Hnos Cortes"]
[BlackTeam "Tauste"]

1. e4 g6 2. Nc3 Bg7 3. f4 d6 4. Nf3 c5 5. Bb5+ Nd7 6. a4 e6 7. O-O Ne7 8. f5
gxf5 9. d3 h6 10. Nh4 Ng6 11. Nxg6 fxg6 12. exf5 exf5 13. Re1+ Be5 14. Bc4 Kf8
15. Qf3 Kg7 16. a5 Bxh2+ 17. Kxh2 Qh4+ 18. Qh3 Qxe1 19. Bxh6+ Rxh6 20. Qxh6+
Kxh6 21. Rxe1 Nf6 22. Nb5 d5 23. Nc7 Rb8 24. Nxd5 Nxd5 25. Bxd5 Bd7 26. Re7 Bc6
27. Bxc6 bxc6 28. b3 Kg5 29. Kg3 a6 30. Ra7 f4+ 31. Kf3 Kf5 32. Rxa6 Rb5 33.
Ra8 g5 34. a6 Ra5 35. a7 g4+ 36. Ke2 1-0

[Event "Preferente Aragonesa Grupo B"]
[Site "Aragon"]
[Date "2017.03.25"]
[Round "9.66"]
[White "Sancho Casale, Jesus"]
[Black "Alonso Fdez-Revuelta, Rodrigo"]
[Result "0-1"]
[WhiteElo "1981"]
[BlackElo "1983"]
[PlyCount "62"]
[EventDate "2017.01.28"]
[WhiteTeam "Tauste"]
[BlackTeam "Caissa-Hnos Cortes"]

1. Nf3 Nf6 2. c4 c5 3. b3 g6 4. Bb2 Bg7 5. g3 O-O 6. Bg2 Nc6 7. O-O Qc7 8. e3
d6 9. Nc3 a6 10. Qe2 e5 11. Rfd1 e4 12. Ne1 Bg4 13. f3 exf3 14. Nxf3 Ne5 15. d4
cxd4 16. exd4 Nxf3+ 17. Bxf3 Rfe8 18. Qf2 Re7 19. Re1 Bxf3 20. Qxf3 Rae8 21.
Kf2 h5 22. Nd5 Nxd5 23. Qxd5 b5 24. Bc3 bxc4 25. bxc4 Rxe1 26. Rxe1 Rc8 27. Bb2
Qxc4 28. Qxd6 Qxa2 29. Re2 Qa4 30. d5 Bxb2 31. Rxb2 Qd4+ 0-1

[Event "Preferente Aragonesa Grupo B"]
[Site "Aragon"]
[Date "2017.03.25"]
[Round "9.67"]
[White "Carraminana Lopez, Luis Antoni"]
[Black "Muro Turon, Raul"]
[Result "1-0"]
[WhiteElo "1935"]
[BlackElo "1935"]
[PlyCount "55"]
[EventDate "2017.01.28"]
[WhiteTeam "Caissa-Hnos Cortes"]
[BlackTeam "Tauste"]

1. e4 c5 2. Nf3 Nc6 3. Bb5 e6 4. Bxc6 bxc6 5. O-O d5 6. d3 Nf6 7. e5 Nd7 8. c4
Be7 9. Nc3 O-O 10. Qe2 Re8 11. b3 Nf8 12. Ba3 Qa5 13. Na4 Ng6 14. Rac1 Bd7 15.
Qe1 Qxe1 16. Rfxe1 Rad8 17. Bxc5 Bxc5 18. Nxc5 Bc8 19. h4 Nf8 20. Red1 Nd7 21.
cxd5 Nxc5 22. Rxc5 cxd5 23. Nd4 Bd7 24. Rc7 a5 25. Ra7 a4 26. b4 f6 27. f4 Kf8
28. Rc1 1-0

[Event "Preferente Aragonesa Grupo B"]
[Site "Aragon"]
[Date "2017.03.25"]
[Round "9.68"]
[White "Vera Jimenez, Andres"]
[Black "Vasilev, Vas"]
[Result "0-1"]
[WhiteElo "1947"]
[BlackElo "1924"]
[PlyCount "66"]
[EventDate "2017.01.28"]
[WhiteTeam "Tauste"]
[BlackTeam "Caissa-Hnos Cortes"]

1. e4 e6 2. d4 d5 3. Nc3 Bb4 4. e5 Qd7 5. Bd2 b6 6. a3 Bf8 7. f4 Nc6 8. Nf3 Bb7
9. Bd3 Nge7 10. O-O Nf5 11. Ne2 Be7 12. c3 h5 13. b4 g6 14. Qc2 O-O 15. g3 Kg7
16. Kg2 Rac8 17. h3 Nb8 18. g4 hxg4 19. hxg4 Nh6 20. f5 Nxg4 21. f6+ Nxf6 22.
exf6+ Bxf6 23. Bf4 c5 24. Qd2 Rh8 25. Rh1 cxd4 26. cxd4 Nc6 27. Bh6+ Kg8 28.
Qf4 Bg7 29. Bg5 f6 30. Bxf6 Rf8 31. Rxh8+ Bxh8 32. Rh1 Bxf6 33. Rh6 Bg7 0-1

[Event "Preferente Aragonesa Grupo B"]
[Site "Aragon"]
[Date "2017.03.25"]
[Round "9.69"]
[White "Soriano Ascaso, Ignacio"]
[Black "Sacristan Latorre, Alberto"]
[Result "1-0"]
[WhiteElo "2153"]
[BlackElo "2075"]
[PlyCount "133"]
[EventDate "2017.01.28"]
[WhiteTeam "Sabiñanigo"]
[BlackTeam "Palacio de Pioneros B"]

1. e4 c5 2. Nf3 d6 3. g3 Nf6 4. d3 g6 5. Bg2 Bg7 6. O-O O-O 7. c3 Nc6 8. Re1 e5
9. a3 d5 10. exd5 Nxd5 11. Nbd2 Re8 12. Nc4 b5 13. Ne3 Be6 14. Ng5 Nxe3 15.
Nxe6 Rxe6 16. Bxe3 Qd6 17. b4 cxb4 18. axb4 a5 19. Rxa5 Rxa5 20. bxa5 Nxa5 21.
Qa1 Nc6 22. Qa8+ Nd8 23. Bd5 Re8 24. Ra1 Rf8 25. Ra6 Qc7 26. Bb6 Qe7 27. Ra7
Qd6 28. Ba5 Ne6 29. Bb4 Rxa8 30. Rxa8+ Qd8 31. Ba5 Qxa8 32. Bxa8 Nc5 33. Bc6
Nxd3 34. Bxb5 Nc5 35. Bb6 Bf8 36. Bc7 f6 37. Bc4+ Kg7 38. Bd5 Be7 39. Kf1 Kf8
40. Ke2 Ke8 41. Bb6 Kd7 42. h4 Na4 43. Ba5 Bd8 44. Bb4 Be7 45. Bb3 Nc5 46. Bg8
h6 47. Bh7 g5 48. Bf5+ Ke8 49. h5 Bd6 50. Bxc5 Bxc5 51. f3 Ke7 52. Kd3 Kd6 53.
g4 Bf2 54. Bh7 Be1 55. Bg8 Ke7 56. c4 Bb4 57. Ke4 Kf8 58. Bh7 Ke7 59. Kd5 Kd7
60. Bf5+ Ke7 61. c5 Bd2 62. Kc6 Kd8 63. Kb7 Ba5 64. Kc6 Bc7 65. Kd5 Ba5 66. c6
Bc7 67. Ke6 1-0

[Event "Preferente Aragonesa Grupo B"]
[Site "Aragon"]
[Date "2017.03.25"]
[Round "9.70"]
[White "Colom Sienes, Eduardo"]
[Black "Climente Martinez, Jose Luis"]
[Result "0-1"]
[WhiteElo "2061"]
[BlackElo "2056"]
[PlyCount "104"]
[EventDate "2017.01.28"]
[WhiteTeam "Palacio de Pioneros B"]
[BlackTeam "Sabiñanigo"]

1. e4 c6 2. d4 d5 3. f3 e6 4. Ne2 dxe4 5. fxe4 Qh4+ 6. Ng3 f5 7. exf5 Nf6 8.
Bc4 Bd6 9. O-O Ng4 10. h3 Nh2 11. Ne4 Qxe4 12. Qh5+ g6 13. fxg6 Qxd4+ 14. Be3
Qxe3+ 15. Kh1 Kd8 16. g7 Rg8 17. Qxh7 Nxf1 18. Qxg8+ Kc7 19. Qf7+ Bd7 20. Bxf1
Qg3 21. Kg1 Na6 22. Nc3 Bc5+ 23. Kh1 Bd6 24. Kg1 Qh2+ 25. Kf2 Qf4+ 26. Qxf4
Bxf4 27. Ne4 Be5 28. Rd1 Bxg7 29. Bxa6 bxa6 30. Nc5 Rf8+ 31. Ke2 Bc8 32. g4
Bxb2 33. g5 e5 34. g6 Rg8 35. Rf1 Rxg6 36. Rf7+ Kd6 37. Ne4+ Kd5 38. Kd3 Bxh3
39. Rf8 Bg2 40. Rd8+ Ke6 41. Nc5+ Ke7 42. Rd7+ Ke8 43. Rxa7 Rd6+ 44. Ke2 Bd5
45. Nxa6 Bc4+ 46. Kf3 Rf6+ 47. Kg4 Bd4 48. Ra8+ Kf7 49. Nb4 c5 50. Ra7+ Kg6 51.
Nd3 Be6+ 52. Kg3 c4 0-1

[Event "Preferente Aragonesa Grupo B"]
[Site "Aragon"]
[Date "2017.03.25"]
[Round "9.71"]
[White "Ainsa Claver, Ignacio"]
[Black "Castillo Sanjuan, Alejandro"]
[Result "0-1"]
[WhiteElo "1956"]
[BlackElo "2045"]
[PlyCount "48"]
[EventDate "2017.01.28"]
[WhiteTeam "Sabiñanigo"]
[BlackTeam "Palacio de Pioneros B"]

1. c4 e5 2. Nc3 g6 3. d4 Bg7 4. Nf3 exd4 5. Nxd4 Ne7 6. e4 O-O 7. Be2 Nbc6 8.
Be3 d6 9. O-O f5 10. Nxc6 bxc6 11. Bd4 Bxd4 12. Qxd4 c5 13. Qd2 Be6 14. b3 Kh8
15. Bf3 Rb8 16. Rae1 fxe4 17. Nxe4 Nf5 18. Ng5 Bg8 19. Bd5 Qf6 20. Ne6 Bxe6 21.
Rxe6 Qg7 22. Rfe1 Rf6 23. Qc3 Rxe6 24. Qxg7+ Nxg7 0-1